[Event "XXXIIIè Obert del Catalunya Es"]
[Site "Barcelona (Spain)"]
[Date "2009.04.09"]
[Round "6.7"]
[White "Madrid Sole, Antonio"]
[Black "Capellades Subirana, Marc"]
[Result "0-1"]
[WhiteElo "1994"]
[BlackElo "2191"]
[PlyCount "194"]
[EventDate "2009.04.04"]

1. d4 Nf6 2. Nf3 e6 3. Bf4 Bb4+ 4. c3 Be7 5. e3 d5 6. Bd3 Nbd7 7. h3 c5 8. Nbd2
c4 9. Bc2 O-O 10. O-O Nh5 11. Bh2 g6 12. e4 Ng7 13. Qe2 Re8 14. Rfe1 Nf6 15.
exd5 exd5 16. Ne5 Bf5 17. Ba4 Nd7 18. Qf3 Nxe5 19. Rxe5 Be6 20. Bxe8 Qxe8 21.
Re2 b5 22. a3 a5 23. Rae1 b4 24. axb4 axb4 25. cxb4 Bxb4 26. Be5 Qf8 27. Rc1
Bf5 28. Nf1 Bd3 29. Re3 Qe8 30. Bf6 Qd7 31. Re5 Be4 32. Qd1 Ne8 33. Bh4 f6 34.
Rxe4 dxe4 35. Rxc4 Bd6 36. Qc2 f5 37. Qb3 Kg7 38. Qc3 h6 39. f3 g5 40. Bf2 Nf6
41. d5 Kg6 42. fxe4 Nxe4 43. Qc2 Nf6 44. Qd1 Be5 45. Qc2 Kf7 46. Rc5 Ra2 47.
Qe2 Ne4 48. Qh5+ Kg7 49. Rc6 Nf6 50. Qd1 Rxb2 51. Ne3 Ra2 52. Rc1 Bf4 53. Qb3
Bxe3 54. Bxe3 Qxd5 55. Qxd5 Nxd5 56. Bd4+ Kf7 57. Ra1 Rd2 58. Ra7+ Ke8 59. Bf2
h5 60. Rg7 Nf6 61. Be1 Rd1 62. Kf1 Ne4 63. Ke2 Rb1 64. Rh7 Rb2+ 65. Kf1 Rb1 66.
Ke2 Rb2+ 67. Kf1 Nf6 68. Rh6 Nd5 69. Re6+ Kd7 70. Re2 Rxe2 71. Kxe2 g4 72. hxg4
hxg4 73. g3 Ke6 74. Bd2 Nf6 75. Bf4 Kd5 76. Kd3 Nd7 77. Ke3 Ne5 78. Ke2 Ke4 79.
Kf2 Ng6 80. Bg5 Kd3 81. Bh6 Ne7 82. Bf4 Nd5 83. Bh6 Nc3 84. Bf4 Kd4 85. Bc1
Ne4+ 86. Kg2 Kd3 87. Bf4 Ke2 88. Bb8 Nc3 89. Bc7 Nd1 90. Bb8 Ne3+ 91. Kg1 Kf3
92. Bc7 Nd5 93. Bb8 Nc3 94. Kf1 Ne2 95. Bc7 Nxg3+ 96. Kg1 Ne2+ 97. Kf1 g3 0-1

[Event "XXXIIIè Obert del Catalunya Es"]
[Site "Barcelona (Spain)"]
[Date "2009.04.09"]
[Round "6.8"]
[White "Martinez Balaguer, Josep"]
[Black "Ridameya Tatche, Jose Miguel"]
[Result "1/2-1/2"]
[WhiteElo "1972"]
[BlackElo "2140"]
[PlyCount "51"]
[EventDate "2009.04.04"]

1. c4 f5 2. Nc3 Nf6 3. Nf3 e6 4. g3 Be7 5. Bg2 O-O 6. O-O c6 7. d4 d5 8. b3
Nbd7 9. Ng5 Nb8 10. Qd3 Ne4 11. Nh3 Nd7 12. f3 Nxc3 13. Qxc3 e5 14. dxe5 d4 15.
Qc2 Nxe5 16. Rd1 Qb6 17. Nf2 Be6 18. Nd3 Nxd3 19. Qxd3 Rad8 20. Bf4 Bf6 21.
Rac1 c5 22. Qd2 h6 23. h4 Rfe8 24. Bh3 Qc6 25. Kf2 Bc8 26. Bg2 1/2-1/2

[Event "XXXIIIè Obert del Catalunya Es"]
[Site "Barcelona (Spain)"]
[Date "2009.04.09"]
[Round "6.9"]
[White "Tolkachova, Vitalina"]
[Black "Mut Company, Guillem"]
[Result "1-0"]
[WhiteElo "2130"]
[BlackElo "1773"]
[PlyCount "41"]
[EventDate "2009.04.04"]

1. d4 d5 2. Nf3 Nc6 3. Bf4 Bg4 4. e3 e6 5. c4 Nf6 6. h3 Bh5 7. Nc3 Bb4 8. a3
Bxc3+ 9. bxc3 Bxf3 10. Qxf3 Ne4 11. Bd3 f5 12. cxd5 exd5 13. c4 O-O 14. cxd5
Qxd5 15. O-O Kh8 16. Rfc1 Rae8 17. Rab1 Qa2 18. Rxb7 Qxa3 19. Rxc6 Qxd3 20.
Rbxc7 Nd2 21. Qg3 1-0

[Event "XXXIIIè Obert del Catalunya Es"]
[Site "Barcelona (Spain)"]
[Date "2009.04.09"]
[Round "6.10"]
[White "Fabregas Fontanet, Antonio"]
[Black "Mas Recorda, Pedro"]
[Result "0-1"]
[WhiteElo "2076"]
[BlackElo "1934"]
[PlyCount "94"]
[EventDate "2009.04.04"]

1. e4 e6 2. d4 d5 3. e5 c5 4. c3 Nc6 5. Bd3 Qb6 6. Nf3 Bd7 7. O-O cxd4 8. cxd4
Nb4 9. Be2 Bb5 10. Bxb5+ Qxb5 11. Nc3 Qd7 12. a3 Nc6 13. b4 b6 14. Qd3 Nge7 15.
Nb5 Nf5 16. g4 Nh6 17. h3 Be7 18. Bg5 O-O 19. Rac1 Rac8 20. Bxe7 Nxe7 21. Ng5
Ng6 22. Rxc8 Rxc8 23. f4 f5 24. Nd6 Rf8 25. Qg3 Qe7 26. b5 fxg4 27. hxg4 Nxf4
28. Rxf4 Qxg5 29. Rxf8+ Kxf8 30. Qc3 Qxg4+ 31. Kf1 Qf4+ 32. Ke1 Qh4+ 33. Kd1
Qd8 34. Qc6 Nf5 35. Nc8 Nxd4 36. Qb7 Nxb5 37. a4 Qc7 38. Qa8 Nc3+ 39. Kd2 Ne4+
40. Kd1 Kf7 41. Nxa7 Nc3+ 42. Kd2 Qxe5 43. Qb7+ Kg6 44. Qxb6 Nxa4 45. Qb4 Nb2
46. Nc6 Nc4+ 47. Kd1 Qb2 0-1

[Event "XXXIIIè Obert del Catalunya Es"]
[Site "Barcelona (Spain)"]
[Date "2009.04.10"]
[Round "7.1"]
[White "Vidarte Morales, Arturo"]
[Black "Gonzalez Rodriguez, Jorge A"]
[Result "1-0"]
[WhiteElo "2428"]
[BlackElo "2407"]
[PlyCount "75"]
[EventDate "2009.04.04"]

1. c4 Nf6 2. Nc3 e5 3. e3 d6 4. Nge2 g6 5. d4 Nbd7 6. g3 Bg7 7. Bg2 O-O 8. b3
Re8 9. Bb2 e4 10. Qc2 Qe7 11. h3 h5 12. a4 Nf8 13. O-O-O c6 14. Kb1 Bf5 15. d5
c5 16. g4 hxg4 17. Ng3 Bd7 18. Rdg1 gxh3 19. Bxh3 Bxh3 20. Rxh3 Qd7 21. Rgh1
N6h7 22. Ncxe4 f6 23. Nxd6 Qxd6 24. Rxh7 Re7 25. Ne4 Rxe4 26. Rxg7+ Kxg7 27.
Qxe4 Kf7 28. Qf3 Re8 29. e4 Kg7 30. Qe3 Qe7 31. f3 Qd6 32. f4 Qd7 33. Ka2 Qf5
34. e5 g5 35. Qxc5 gxf4 36. Qc7+ Qd7 37. exf6+ Kf7 38. Rh7+ 1-0

[Event "XXXIIIè Obert del Catalunya Es"]
[Site "Barcelona (Spain)"]
[Date "2009.04.10"]
[Round "7.2"]
[White "Perpinya Rofes, Lluis Maria"]
[Black "Karlsson, Lars"]
[Result "0-1"]
[WhiteElo "2385"]
[BlackElo "2446"]
[PlyCount "38"]
[EventDate "2009.04.04"]

1. e4 e6 2. d4 d5 3. Nc3 Bb4 4. e5 c5 5. dxc5 Nc6 6. Nf3 Nge7 7. Bd3 Bxc5 8.
Qe2 a6 9. O-O h6 10. a3 Qc7 11. Bd2 Bd7 12. Kh1 g5 13. h3 O-O-O 14. Be3 d4 15.
Ne4 dxe3 16. Nxc5 Nxe5 17. Nxd7 Rxd7 18. Nxe5 Qxe5 19. fxe3 f5 0-1

[Event "XXXIIIè Obert del Catalunya Es"]
[Site "Barcelona (Spain)"]
[Date "2009.04.10"]
[Round "7.3"]
[White "Jerez Perez, Alfonso"]
[Black "Martin Grillo, Ruben"]
[Result "1-0"]
[WhiteElo "2386"]
[BlackElo "2229"]
[PlyCount "76"]
[EventDate "2009.04.04"]

1. e4 c5 2. Nc3 Nc6 3. Nf3 e5 4. Bc4 Be7 5. d3 Nf6 6. Nd2 d6 7. Nf1 Be6 8. Ne3
O-O 9. O-O a6 10. a4 Nb4 11. Re1 Qc7 12. b3 Rad8 13. Qf3 Nd7 14. Ba3 Bg5 15.
Ncd5 Bxd5 16. Nxd5 Nxd5 17. Bxd5 b5 18. axb5 axb5 19. Bc1 Bxc1 20. Rexc1 Nb6
21. c4 Nxd5 22. exd5 Ra8 23. h4 b4 24. h5 h6 25. Qe3 Ra7 26. f4 f6 27. Qh3 Rfa8
28. Qe6+ Kh7 29. Rxa7 Rxa7 30. fxe5 dxe5 31. Re1 Ra2 32. Re3 Qb8 33. Rg3 Kh8
34. Qe7 Ra7 35. Qxc5 Ra1+ 36. Kh2 Qe8 37. Rh3 e4 38. Qd4 e3 1-0

[Event "XXXIIIè Obert del Catalunya Es"]
[Site "Barcelona (Spain)"]
[Date "2009.04.10"]
[Round "7.4"]
[White "Capellades Subirana, Marc"]
[Black "Marches Rios, Joan Manuel"]
[Result "1/2-1/2"]
[WhiteElo "2191"]
[BlackElo "2215"]
[PlyCount "32"]
[EventDate "2009.04.04"]

1. e4 c6 2. d4 d5 3. Nc3 dxe4 4. Nxe4 Bf5 5. Ng3 Bg6 6. Nf3 Nd7 7. Bc4 Qc7 8.
Qe2 e6 9. Ne5 Bd6 10. Bf4 Ngf6 11. Bxe6 O-O 12. Nxg6 hxg6 13. Bxd6 Qxd6 14.
Bxd7 Qxd7 15. O-O-O Qd5 16. Kb1 Qxg2 1/2-1/2

[Event "XXXIIIè Obert del Catalunya Es"]
[Site "Barcelona (Spain)"]
[Date "2009.04.10"]
[Round "7.5"]
[White "Ruiz Bravo, Alfonso"]
[Black "Tolkachova, Vitalina"]
[Result "0-1"]
[WhiteElo "2078"]
[BlackElo "2130"]
[PlyCount "125"]
[EventDate "2009.04.04"]

1. e4 d5 2. exd5 Nf6 3. d4 Bg4 4. Nf3 Qxd5 5. Be2 Nc6 6. Be3 O-O-O 7. O-O Qf5
8. c4 e5 9. d5 e4 10. Nd4 Nxd4 11. Bxd4 Bd6 12. f3 exf3 13. Bxf3 Bxf3 14. Qxf3
Qxf3 15. Rxf3 Ng4 16. g3 Be5 17. Bxe5 Nxe5 18. Rc3 c6 19. Na3 cxd5 20. cxd5+
Kd7 21. Nb5 Rc8 22. Rac1 Rxc3 23. Rxc3 a6 24. Nd4 g6 25. Ne2 Kd6 26. Rb3 b5 27.
Nc3 Rb8 28. a3 Nc4 29. Kf2 Nb6 30. Rb4 Kc5 31. Rf4 f5 32. b4+ Kd6 33. g4 Ke5
34. Kg3 Rc8 35. Rf3 f4+ 36. Kf2 g5 37. Rd3 Rd8 38. d6 h6 39. Kf3 Rxd6 40. Rxd6
Kxd6 41. Ne4+ Ke5 42. Nc5 Nc4 43. Nxa6 Nxa3 44. Nc5 Kd4 45. h4 Nc2 46. hxg5
hxg5 47. Ne6+ Ke5 48. Nxg5 Nxb4 49. Ne4 Nc2 50. Nd2 Nd4+ 51. Kf2 b4 52. Nc4+
Kf6 53. Kg2 Kg5 54. Kh3 b3 55. Nb2 Nf3 56. Nd3 Ne5 57. Nb2 Nxg4 58. Kg2 Ne5 59.
Kf2 Kg4 60. Kg2 f3+ 61. Kf2 Kf4 62. Kf1 Ke3 63. Ke1 0-1

[Event "XXXIIIè Obert del Catalunya Es"]
[Site "Barcelona (Spain)"]
[Date "2009.04.10"]
[Round "7.6"]
[White "Munoz Pantoja, Miguel"]
[Black "Vargas Drechsler, Carlos"]
[Result "1-0"]
[WhiteElo "2447"]
[BlackElo "2021"]
[PlyCount "45"]
[EventDate "2009.04.04"]

1. e4 e6 2. d4 d5 3. Nd2 Be7 4. c3 c5 5. dxc5 Bxc5 6. Bd3 Nf6 7. e5 Nfd7 8.
Ngf3 Nc6 9. Qe2 O-O 10. Nb3 Be7 11. h4 f6 12. exf6 Nxf6 13. Bg5 Qc7 14. O-O-O
e5 15. Bc2 Be6 16. Bxf6 Bxf6 17. Nc5 Bf7 18. Ng5 Bxg5+ 19. hxg5 g6 20. Qg4 Nd8
21. Rxh7 Qxc5 22. Qh4 Be6 23. Qh6 1-0

[Event "XXXIIIè Obert del Catalunya Es"]
[Site "Barcelona (Spain)"]
[Date "2009.04.10"]
[Round "7.7"]
[White "Ridameya Tatche, Jose Miguel"]
[Black "Molero Tejada, Santiago"]
[Result "1-0"]
[WhiteElo "2140"]
[BlackElo "1999"]
[PlyCount "37"]
[EventDate "2009.04.04"]

1. e4 e5 2. Bc4 Nf6 3. d4 exd4 4. Nf3 Bb4+ 5. c3 Ba5 6. e5 dxc3 7. bxc3 O-O 8.
exf6 Qxf6 9. O-O h6 10. Qd4 Qxd4 11. cxd4 d6 12. Bd2 Bxd2 13. Nbxd2 Bd7 14.
Rab1 b6 15. Rfe1 Re8 16. d5 Kf8 17. Rbc1 b5 18. Bf1 Rc8 19. Re3 1-0

[Event "XXXIIIè Obert del Catalunya Es"]
[Site "Barcelona (Spain)"]
[Date "2009.04.10"]
[Round "7.8"]
[White "Serrano Pertinez, Miquel"]
[Black "Martinez Balaguer, Josep"]
[Result "0-1"]
[WhiteElo "2096"]
[BlackElo "1972"]
[PlyCount "50"]
[EventDate "2009.04.04"]

1. c4 f5 2. b4 Nf6 3. Bb2 g6 4. g3 Bg7 5. Bg2 O-O 6. d3 d6 7. Nc3 e5 8. e3 f4
9. e4 Nc6 10. b5 Nd4 11. Nd5 Ng4 12. f3 c6 13. bxc6 bxc6 14. Bxd4 cxd5 15. fxg4
exd4 16. cxd5 Rb8 17. Nf3 Qa5+ 18. Qd2 Qxd2+ 19. Nxd2 Rb2 20. gxf4 Rxf4 21. Rf1
Bh6 22. Rxf4 Bxf4 23. O-O-O Rxa2 24. Bf3 Ba6 25. Be2 Bb5 0-1

[Event "XXXIIIè Obert del Catalunya Es"]
[Site "Barcelona (Spain)"]
[Date "2009.04.10"]
[Round "7.9"]
[White "Mas Recorda, Pedro"]
[Black "Molano Lafuente, Ismael"]
[Result "0-1"]
[WhiteElo "1934"]
[BlackElo "2082"]
[PlyCount "56"]
[EventDate "2009.04.04"]

1. d4 Nf6 2. c4 Nc6 3. Nf3 e6 4. Nc3 Bb4 5. Bg5 h6 6. Bh4 g5 7. Bg3 Ne4 8. Qd3
d5 9. e3 h5 10. h4 g4 11. Nd2 Nxg3 12. fxg3 Qd6 13. O-O-O Qxg3 14. a3 Bxc3 15.
Qxc3 Bd7 16. Nb3 Ne7 17. Nc5 Bc6 18. b4 b6 19. b5 bxc5 20. dxc5 O-O 21. bxc6
Rad8 22. Be2 Nf5 23. Bf3 Qf2 24. Qf6 Qxe3+ 25. Kc2 Rb8 26. Rd3 Qxc5 27. Qg5+
Ng7 28. Bxg4 Qxc4+ 0-1

[Event "XXXIIIè Obert del Catalunya Es"]
[Site "Barcelona (Spain)"]
[Date "2009.04.10"]
[Round "7.10"]
[White "Severri Arrese, Carlos"]
[Black "Pimienta Sanchez, Manuel"]
[Result "1-0"]
[WhiteElo "2026"]
[BlackElo "1887"]
[PlyCount "49"]
[EventDate "2009.04.04"]

1. d4 g6 2. h4 h5 3. e3 Bg7 4. Bc4 d5 5. Bb3 Nf6 6. Nf3 Bg4 7. c4 c6 8. cxd5
cxd5 9. Qd3 Bxf3 10. gxf3 Nbd7 11. Qb5 Qc7 12. Bd2 a6 13. Qb4 Qb6 14. Qxb6 Nxb6
15. Ba5 Rc8 16. Bxb6 Nd7 17. Ba5 e5 18. Bc3 exd4 19. Bxd4 Bxd4 20. exd4 Rc1+
21. Bd1 Nb6 22. Kd2 Rc4 23. Re1+ Kd7 24. Kd3 Kd6 25. Bb3 1-0

[Event "XXXIIIè Obert del Catalunya Es"]
[Site "Barcelona (Spain)"]
[Date "2009.04.11"]
[Round "8.1"]
[White "Jerez Perez, Alfonso"]
[Black "Vidarte Morales, Arturo"]
[Result "1/2-1/2"]
[WhiteElo "2386"]
[BlackElo "2428"]
[PlyCount "35"]
[EventDate "2009.04.04"]

1. e4 c5 2. c3 e6 3. d4 d5 4. e5 Nc6 5. Nf3 Qb6 6. a3 Nh6 7. b4 cxd4 8. cxd4
Nf5 9. Be3 Be7 10. Bd3 Bd7 11. Nc3 Nxe3 12. fxe3 O-O 13. O-O f6 14. b5 Na5 15.
exf6 Bxf6 16. Qc2 h6 17. Na4 Qd8 18. Rac1 1/2-1/2

[Event "XXXIIIè Obert del Catalunya Es"]
[Site "Barcelona (Spain)"]
[Date "2009.04.11"]
[Round "8.2"]
[White "Karlsson, Lars"]
[Black "Gonzalez Rodriguez, Jorge A"]
[Result "1-0"]
[WhiteElo "2446"]
[BlackElo "2407"]
[PlyCount "47"]
[EventDate "2009.04.04"]

1. c4 Nf6 2. g3 e6 3. Nf3 d5 4. Bg2 c6 5. O-O Nbd7 6. b3 Bd6 7. Bb2 O-O 8. Nc3
Qe7 9. d4 Rd8 10. Qc2 b6 11. e4 dxe4 12. Ng5 Bb7 13. Ncxe4 Nxe4 14. Nxe4 c5 15.
Nxd6 Bxg2 16. Nxf7 Bxf1 17. Nxd8 Bxc4 18. Nc6 Qd6 19. Qxc4 Qxc6 20. Re1 Nf8 21.
dxc5 bxc5 22. Qc3 Qc7 23. Re5 Rc8 24. Rxc5 1-0

[Event "XXXIIIè Obert del Catalunya Es"]
[Site "Barcelona (Spain)"]
[Date "2009.04.11"]
[Round "8.3"]
[White "Tolkachova, Vitalina"]
[Black "Perpinya Rofes, Lluis Maria"]
[Result "0-1"]
[WhiteElo "2130"]
[BlackElo "2385"]
[PlyCount "52"]
[EventDate "2009.04.04"]

1. d4 Nf6 2. Nf3 g6 3. c4 Bg7 4. Nc3 O-O 5. Bg5 c5 6. d5 b5 7. cxb5 a6 8. e4
axb5 9. e5 b4 10. exf6 exf6 11. Be3 bxc3 12. bxc3 f5 13. Qc2 Ra3 14. Rb1 Re8
15. Be2 Bxc3+ 16. Nd2 Qa5 17. Rxb8 Rxa2 18. Qd1 f4 19. Bxf4 Ra1 20. Rb1 Rxb1
21. Qxb1 Ba6 22. O-O Bxe2 23. Nb3 Qb4 24. Rc1 Qxf4 25. Rxc3 c4 26. Nc5 Qd4 0-1

[Event "XXXIIIè Obert del Catalunya Es"]
[Site "Barcelona (Spain)"]
[Date "2009.04.11"]
[Round "8.4"]
[White "Molano Lafuente, Ismael"]
[Black "Munoz Pantoja, Miguel"]
[Result "1/2-1/2"]
[WhiteElo "2082"]
[BlackElo "2447"]
[PlyCount "38"]
[EventDate "2009.04.04"]

1. e4 c5 2. Nf3 Nc6 3. d4 cxd4 4. Nxd4 Nf6 5. Nc3 e5 6. Ndb5 d6 7. Bg5 a6 8.
Na3 b5 9. Bxf6 gxf6 10. Nd5 f5 11. Bxb5 axb5 12. Nxb5 Qg5 13. Ndc7+ Kd7 14.
Nxa8 Qxg2 15. Nb6+ Kd8 16. Rf1 Ba6 17. Qd5 Bxb5 18. Qxb5 Qxe4+ 19. Kd1 Bh6
1/2-1/2

[Event "XXXIIIè Obert del Catalunya Es"]
[Site "Barcelona (Spain)"]
[Date "2009.04.11"]
[Round "8.6"]
[White "Martinez Balaguer, Josep"]
[Black "Capellades Subirana, Marc"]
[Result "0-1"]
[WhiteElo "1972"]
[BlackElo "2191"]
[PlyCount "32"]
[EventDate "2009.04.04"]

1. c4 Nf6 2. Nc3 d5 3. cxd5 Nxd5 4. Nf3 g6 5. d4 Bg7 6. e4 Nxc3 7. bxc3 O-O 8.
Bc4 Bg4 9. O-O c5 10. Qb3 Bxf3 11. gxf3 cxd4 12. Qxb7 Nd7 13. Rd1 Ne5 14. Be2
d3 15. Bf4 dxe2 16. Rxd8 Raxd8 0-1

[Event "XXXIIIè Obert del Catalunya Es"]
[Site "Barcelona (Spain)"]
[Date "2009.04.11"]
[Round "8.8"]
[White "Martin Grillo, Ruben"]
[Black "Casals Ruisanchez, Josep Maria"]
[Result "1-0"]
[WhiteElo "2229"]
[BlackElo "1870"]
[PlyCount "28"]
[EventDate "2009.04.04"]

1. Nf3 d5 2. c4 Nf6 3. cxd5 Qxd5 4. Nc3 Qa5 5. d4 c6 6. g3 Nd5 7. Bd2 Nxc3 8.
Bxc3 Qc7 9. Bg2 Bg4 10. d5 Bxf3 11. Bxf3 cxd5 12. Qxd5 e6 13. Qxb7 Qxb7 14.
Bxb7 Be7 1-0

[Event "XXXIIIè Obert del Catalunya Es"]
[Site "Barcelona (Spain)"]
[Date "2009.04.11"]
[Round "8.9"]
[White "Penalver Guardia, Josep"]
[Black "Ruiz Bravo, Alfonso"]
[Result "0-1"]
[WhiteElo "1852"]
[BlackElo "2078"]
[PlyCount "106"]
[EventDate "2009.04.04"]

1. d4 d5 2. c4 e6 3. Nc3 Nf6 4. Nf3 Be7 5. Bg5 Nbd7 6. e3 h6 7. Bh4 O-O 8. Rc1
c6 9. Bd3 dxc4 10. Bxc4 b5 11. Bd3 a6 12. O-O Bb7 13. Qe2 c5 14. dxc5 Nxc5 15.
Bb1 Nfe4 16. Bxe7 Qxe7 17. Nxe4 Nxe4 18. Rfd1 Rfd8 19. h3 e5 20. a3 Rac8 21.
Rxc8 Rxc8 22. Qd3 g6 23. Ba2 Kg7 24. Qd7 Rc7 25. Qxe7 Rxe7 26. Kf1 Nc5 27. Ke2
e4 28. Ne1 Nd3 29. Nxd3 exd3+ 30. Rxd3 Bxg2 31. h4 Bb7 32. Bd5 Bxd5 33. Rxd5
Re6 34. f3 Rc6 35. Kd2 Kf6 36. Rd8 g5 37. hxg5+ Kxg5 38. Rg8+ Kf5 39. Rh8 Kg6
40. Rg8+ Kh7 41. Rg4 h5 42. Rf4 Kg6 43. b3 f6 44. Rh4 Kg5 45. Rh1 h4 46. Rg1+
Kh5 47. Rh1 f5 48. e4 fxe4 49. fxe4 Kg4 50. Rf1 h3 51. Rf8 Rh6 52. Ke3 h2 53.
Rf4+ Kg5 0-1

[Event "XXXIIIè Obert del Catalunya Es"]
[Site "Barcelona (Spain)"]
[Date "2009.04.11"]
[Round "8.10"]
[White "Van Keulen, Onno"]
[Black "Serrano Pertinez, Miquel"]
[Result "1/2-1/2"]
[WhiteElo "2032"]
[BlackElo "2096"]
[PlyCount "84"]
[EventDate "2009.04.04"]

1. d4 g6 2. c4 Nf6 3. Nc3 d5 4. Nf3 Bg7 5. Bg5 Ne4 6. Bh4 Nxc3 7. bxc3 c5 8.
cxd5 Qxd5 9. e3 Nc6 10. Be2 e5 11. dxe5 Be6 12. Qa4 O-O 13. e4 Qd7 14. Rd1 Qc7
15. Bg3 Nxe5 16. O-O Nxf3+ 17. Bxf3 Be5 18. Bxe5 Qxe5 19. Qa3 a6 20. g3 Rad8
21. Bg2 Qh5 22. f3 Bc4 23. Qa5 Qg5 24. f4 Qe7 25. Rfe1 Rd3 26. Rxd3 Bxd3 27.
Qb6 Rc8 28. e5 Rc7 29. h4 Kg7 30. Bf3 Bc4 31. a4 Rd7 32. Rd1 Rxd1+ 33. Bxd1 Bd5
34. Kf2 Bc6 35. Bf3 Bxf3 36. Kxf3 h6 37. a5 c4 38. Ke3 Qd7 39. Qf6+ Kh7 40. g4
Qd3+ 41. Kf2 Qd2+ 42. Kf1 Qd3+ 1/2-1/2

[Event "XXXIIIè Obert del Catalunya Es"]
[Site "Barcelona (Spain)"]
[Date "2009.04.12"]
[Round "9.1"]
[White "Karlsson, Lars"]
[Black "Severri Arrese, Carlos"]
[Result "1-0"]
[WhiteElo "2446"]
[BlackElo "2026"]
[PlyCount "123"]
[EventDate "2009.04.04"]

1. c4 b6 2. Nc3 e6 3. a3 g6 4. d4 Bg7 5. e4 d6 6. Nf3 Nd7 7. Be3 Bb7 8. Be2 Ne7
9. Qd2 h6 10. O-O g5 11. d5 e5 12. Qc2 Ng6 13. Rfe1 O-O 14. Nd2 Bc8 15. Nf1 Nf6
16. Ng3 Nf4 17. Bf1 Ng4 18. Nf5 Ng6 19. Be2 Nf6 20. g3 Ne7 21. f3 Ng6 22. b4
Nd7 23. Qd2 a5 24. Bf1 Kh7 25. Rac1 Rh8 26. Red1 Bf8 27. Bd3 Kg8 28. Bc2 Nf6
29. Rf1 Ba6 30. Bd3 Bc8 31. Bc2 Ba6 32. Bd3 Bc8 33. Bf2 Ne7 34. Rfd1 Ng6 35.
Bc2 Ba6 36. Bb3 Kh7 37. bxa5 bxa5 38. Nb5 g4 39. Qe2 gxf3 40. Qxf3 Rg8 41. Kh1
Rb8 42. a4 Bc8 43. c5 Bd7 44. cxd6 cxd6 45. Rc6 Ne8 46. Rdc1 Qf6 47. Be3 Ne7
48. g4 Nxc6 49. dxc6 Be6 50. Bd5 Rc8 51. c7 Rg6 52. Bb7 Ng7 53. Bxc8 Bxc8 54.
Na7 Qe6 55. Nxc8 Qxc8 56. Nxg7 Kxg7 57. Qf5 Re6 58. Bb6 Be7 59. Rf1 Bf6 60. h4
d5 61. exd5 Qb7 62. c8=Q 1-0

[Event "XXXIIIè Obert del Catalunya Es"]
[Site "Barcelona (Spain)"]
[Date "2009.04.12"]
[Round "9.4"]
[White "Perpinya Rofes, Lluis Maria"]
[Black "Marches Rios, Joan Manuel"]
[Result "0-1"]
[WhiteElo "2385"]
[BlackElo "2215"]
[PlyCount "100"]
[EventDate "2009.04.04"]

1. e4 c6 2. d4 d5 3. Nc3 dxe4 4. Nxe4 Bf5 5. Ng3 Bg6 6. h4 h6 7. Nf3 Nd7 8. h5
Bh7 9. Bd3 Bxd3 10. Qxd3 Qc7 11. Bd2 Ngf6 12. O-O-O e6 13. Ne4 O-O-O 14. g3 Nc5
15. Nxc5 Bxc5 16. c4 Bd6 17. Bc3 Kb8 18. Qe2 c5 19. dxc5 Qxc5 20. Ne5 Bxe5 21.
Qxe5+ Qxe5 22. Rxd8+ Rxd8 23. Bxe5+ Kc8 24. Kc2 Rd7 25. f3 Rd8 26. g4 Rg8 27.
Bd4 Nd7 28. f4 Kc7 29. b4 a6 30. a4 g6 31. g5 hxg5 32. h6 f6 33. fxg5 e5 34.
Bc3 f5 35. Rd1 Re8 36. Rd5 Re7 37. c5 Kc8 38. Rd6 Nf8 39. Rf6 Re8 40. Rxf8 Rxf8
41. Bxe5 f4 42. Kd3 f3 43. Bf6 Re8 44. Bd4 Re7 45. b5 axb5 46. axb5 Kc7 47. Kc4
Re4 48. h7 Rh4 49. Kd5 Rxh7 50. Ke6 Rh2 0-1

[Event "XXXIIIè Obert del Catalunya Es"]
[Site "Barcelona (Spain)"]
[Date "2009.04.12"]
[Round "9.5"]
[White "Gonzalez Rodriguez, Jorge A"]
[Black "Molano Lafuente, Ismael"]
[Result "1/2-1/2"]
[WhiteElo "2407"]
[BlackElo "2082"]
[PlyCount "152"]
[EventDate "2009.04.04"]

1. b3 e5 2. Bb2 Nc6 3. e3 Nf6 4. Bb5 Bd6 5. Bxc6 dxc6 6. d3 O-O 7. Nd2 Qe7 8.
a4 Be6 9. Ne2 Rae8 10. O-O Nd7 11. e4 f5 12. exf5 Bxf5 13. Ng3 Bg6 14. Re1 Qf7
15. Nde4 h6 16. Qd2 Nf6 17. Nxf6+ Qxf6 18. Re2 Qf4 19. Qc3 Re7 20. Ne4 Bxe4 21.
dxe4 Rf6 22. Rd1 Qg4 23. f3 Qe6 24. Bc1 Ref7 25. Be3 a6 26. Bc5 Rd7 27. Red2
Rff7 28. h3 Qg6 29. Kf1 Rf6 30. Bf2 Qf7 31. a5 Kh7 32. Qe3 Qe8 33. Rd3 Rdf7 34.
Qa7 Qc8 35. c3 Rf8 36. b4 Qb8 37. Qe3 Qe8 38. Kg1 R8f7 39. Kh2 g5 40. Qa7 Qc8
41. Bc5 Rd7 42. c4 Kg6 43. Bf2 Rd8 44. Bg3 Re6 45. Qe3 Be7 46. c5 Kf7 47. Be1
Bf6 48. h4 Rxd3 49. Rxd3 Re8 50. h5 Rd8 51. Bc3 Rxd3 52. Qxd3 Qe6 53. g3 Qa2+
54. Kh3 Qe6+ 55. Kg2 Qa2+ 56. Bd2 Qe6 57. Qc2 Be7 58. Be3 Bf6 59. Qb2 Kg7 60.
Qe2 Kf7 61. Bg1 Ke7 62. Qd3 Kf7 63. Bf2 Ke7 64. Qe2 Kf7 65. Qd1 Ke7 66. Qh1 Kf7
67. Qh3 g4 68. Qxg4 Qxg4 69. fxg4 Bg5 70. Be1 Kf6 71. Kf3 Kf7 72. Ke2 Kf6 73.
Bf2 Ke7 74. Be3 Ke6 75. Kf3 Kf6 76. Bf4 Ke6 1/2-1/2

[Event "XXXIIIè Obert del Catalunya Es"]
[Site "Barcelona (Spain)"]
[Date "2009.04.12"]
[Round "9.6"]
[White "Ruiz Bravo, Alfonso"]
[Black "Martin Grillo, Ruben"]
[Result "1/2-1/2"]
[WhiteElo "2078"]
[BlackElo "2229"]
[PlyCount "117"]
[EventDate "2009.04.04"]

1. e4 c5 2. Nf3 d6 3. d4 cxd4 4. Nxd4 Nf6 5. Nc3 a6 6. Bg5 e6 7. f4 Nc6 8. Qd2
Bd7 9. Be2 b5 10. Bf3 Rc8 11. Nxc6 Bxc6 12. e5 Bxf3 13. gxf3 h6 14. Bh4 dxe5
15. Qxd8+ Rxd8 16. fxe5 g5 17. exf6 gxh4 18. Ne4 Rg8 19. Kf2 Bd6 20. Rhg1 Rg6
21. h3 Bc7 22. Rg4 Rd5 23. Ke2 h5 24. Rxg6 fxg6 25. c3 Kf7 26. a4 Be5 27. axb5
Rxb5 28. b4 Rb6 29. Ra4 Bxf6 30. c4 Be7 31. c5 Rc6 32. Nd2 Bd8 33. f4 e5 34.
Nf3 Re6 35. Nxe5+ Kf6 36. Kf3 g5 37. Nd3 Bc7 38. fxg5+ Kxg5 39. Ra1 Kf5 40. Rc1
Rg6 41. Nf2 Rg3+ 42. Ke2 Rb3 43. Nd3 a5 44. bxa5 Bxa5 45. c6 Bc7 46. Rc4 Kg5
47. Kd2 Ra3 48. Ke2 Ra2+ 49. Ke3 Rh2 50. Rc5+ Kf6 51. Ke4 Ke7 52. Rd5 Bg3 53.
Rxh5 Rxh3 54. Rh7+ Kf6 55. c7 Bxc7 56. Rxc7 Rh1 57. Nf4 Re1+ 58. Kf3 Ra1 59.
Kg4 1/2-1/2

[Event "XXXIIIè Obert del Catalunya Es"]
[Site "Barcelona (Spain)"]
[Date "2009.04.12"]
[Round "9.8"]
[White "Molero Tejada, Santiago"]
[Black "Fabregas Fontanet, Antonio"]
[Result "0-1"]
[WhiteElo "1999"]
[BlackElo "2076"]
[PlyCount "44"]
[EventDate "2009.04.04"]

1. d4 g6 2. c4 Bg7 3. Bf4 c5 4. Be5 Nf6 5. d5 d6 6. Bc3 O-O 7. Nd2 e6 8. e4 b5
9. b3 exd5 10. cxd5 Re8 11. Bxb5 Nxe4 12. Bxe8 Nxc3 13. Bxf7+ Kxf7 14. Qf3+ Kg8
15. Rc1 Nxa2 16. Rc2 Nb4 17. Rc4 Nd7 18. Qe4 Ne5 19. f4 Bf5 20. Qe2 Nbd3+ 21.
Kd1 Nxc4 22. Nxc4 Qf6 0-1

[Event "XXXIIIè Obert del Catalunya Es"]
[Site "Barcelona (Spain)"]
[Date "2009.04.12"]
[Round "9.10"]
[White "Colom Andres, Xavier"]
[Black "Van Keulen, Onno"]
[Result "1/2-1/2"]
[WhiteElo "1973"]
[BlackElo "2032"]
[PlyCount "37"]
[EventDate "2009.04.04"]

1. d4 Nf6 2. c4 e6 3. Nc3 c5 4. d5 exd5 5. cxd5 d6 6. e4 g6 7. h3 Bg7 8. Nf3
O-O 9. Bd3 a6 10. a4 Nh5 11. Bg5 Bf6 12. Be3 Nd7 13. O-O Qe7 14. Qd2 Rb8 15.
Rae1 Bg7 16. Bg5 Bf6 17. Bh6 Bg7 18. Bg5 Bf6 19. Bh6 1/2-1/2